Countries That Use the Imperial System - World Map Sudden Death - Statistics

General Stats
  • This quiz has been taken 133 times
  • The average score is 6 of 14
Answers on the Grid
Answers color-coded by a green-red scale on the quiz's grid according to % correct below.
 
Answer Stats
Answer % Correct
United States (Mainland)
90%
United States (Mainland)
88%
United States (Alaska)
65%
United States (Hawaii, Johnston Atoll, Palmyra Atoll, +2)
50%
Myanmar
46%
Myanmar
44%
Liberia
40%
Liberia
38%
United States (Puerto Rico, US Virgin Islands, Navassa Island)
33%
United States (Northern Mariana, Guam)
21%
United States (American Samoa, Baker Island)
18%
United States (Wake Island)
16%
United States (Aleutian Islands)
9%
United States (Midway Atoll)
5%
No matching quizzes found
Score Distribution
Percent of People with Each Score
Percentile by Number Answered
Your Score History
You have not taken this quiz